Footballeurs de A à Z (n°3) - Statistiques

Statistiques générales
  • Ce quiz a été pris 882 fois
  • Le résultat moyen est 14 sur 25
Statistiques - réponses
Lettre Indice Joueur % Correct
D Milieu de terrain français champion du monde en tant que joueur et coach. Didier Deschamps
94%
A Ancien joueur espagnol qui est aujourd'hui l'entraineur d'Arsenal. Mikel Arteta
92%
M Il a marqué la "Main de Dieu". Diego Maradona
89%
C Attaquant français qui a mis un high kick à un supporter de Crystal Palace. Éric Cantona
81%
T Il a passé toute sa carrière à l'AS Roma. Francesco Totti
79%
E Meilleur buteur de l'histoire de la Can. Samuel Eto'o
76%
Y Seul gardien ballon d'or. Lev Yashin
75%
P Attaquant français qui a gagné le Ballon d'Or en 1991. Jean-Pierre Papin
73%
K Meilleur buteur de l'histoire de la coupe du monde. Miroslav Klose
70%
I Buteur italien qui a passé 10 ans à l'AC Milan. Filippo Inzaghi
68%
F Ballon d'Or 2000. Luis Figo
66%
S Meilleur buteur de la sélection ukrainienne. Andriy Shevchenko
65%
V Gardien néerlandais avec plus de 130 matchs avec les Pays-Bas. Edwin van der Sar
60%
H Footballeur roumain qui a joué au Réal et au Barça. Gheorge Hagi
60%
O Ballon d'Or en 2001. Michael Owen
58%
W Buteur à la dernière minute lors de France-Italie en finale de l'Euro 2000. Sylvain Wiltord
57%
Z Milieu offensif brésilien qui a joué plus de 500 matchs à Flamengo. Zico
49%
L Finlandais qui a fini troisième au ballon d'or en 1995. Jari Litmanen
43%
B Néerlandais qui a comme surnom " Le Hollandais non-volant". Dennis Bergkamp
38%
Q Attaquant italien qui vient de prendre sa retraite après 7 ans à la Sampdoria. Fabio Quagliarella
37%
J Joueur brésilien qui a notamment joué un an dans les années 70 à Marseille. Jairzinho
34%
R Meilleur joueur de la coupe du monde 1994. Romário
29%
G Joueur avec le plus de matchs aux Girondins de Bordeaux. Alain Giresse
26%
X Footballeur français qui a notamment joué à Lens et à Lyon. Daniel Xuereb
7%
N Meilleur buteur de l'AC Milan. Gunnar Nordahl
3%
Aucun quiz correspondant
Distribution des résultats
% des personnes avec chaque résultat
Percentile par nombre de réponses
Votre historique - résultats
Vous n’avez pas pris ce quiz